Statistics for Sugar We're Going Down Lyrics

Click here to take the quiz!

General Stats

  • This quiz has been taken 2,063 times
  • The average score is 32 of 37

Answer Stats

HintAnswer% Correct
Am I more than you _________ for yetBargained
94%
Is this more than you _________ for yetBargained
94%
And sugar we're going down ________Swinging
94%
And sugar we're going down ________Swinging
94%
And sugar we're going down ________Swinging
94%
And sugar we're going down ________Swinging
94%
Cause that's just who I am this ____Week
92%
I'll be your ______ one with a bulletNumber
91%
I'll be your ______ one with a bulletNumber
91%
I'll be your ______ one with a bulletNumber
91%
I'll be your ______ one with a bulletNumber
91%
I've been dying to tell you ________ you want to hearAnything
90%
A loaded God _______ cock it and pull itComplex
90%
A loaded God _______ cock it and pull itComplex
90%
A loaded God _______ cock it and pull itComplex
90%
A loaded God _______ cock it and pull itComplex
90%
We're _____ down, down, down, downGoing
87%
We're _____ down, downGoing
87%
Drop a _____Heart
87%
Drop a _____Heart
87%
A loaded God complex ____ it and pull itCock
86%
Break a ____Name
85%
Break a ____Name
85%
But you're just a line in a ____Song
85%
But you're just a line in a ____Song
85%
I'm just a _____ in your bedpostNotch
84%
I'm just a _____ in your bedpostNotch
84%
We're going down, down in an _______ roundEarlier
83%
We're going down, down in an _______ roundEarlier
83%
We're going down, down in an _______ roundEarlier
83%
We're going down, down in an _______ roundEarlier
83%
Isn't it ______ up how I'm just dying to be himMessed
81%
Lie in the _____, next to the masoleumGrass
80%
Wishing to be the _______ in your jeansFriction
76%
We're always ________ in and ________ for the wrong teamSleeping
72%
We're always ________ in and _______ for the wrong teamSleeping
72%
Oh don't mind me I'm watching you ___ from the closetTwo
66%

Score Distribution

Percentile by Number Answered

Percent of People with Each Score

Your Score History

You have not taken this quiz